Salute; askari zindagi ke mah wa saal (Record no. 532067)

000 -LEADER
fixed length control field 00477 a2200181 4500
001 - CONTROL NUMBER
control field 92385
003 - CONTROL NUMBER IDENTIFIER
control field NUST
005 - DATE AND TIME OF LATEST TRANSACTION
control field 20191107121407.0
008 - FIXED-LENGTH DATA ELEMENTS--GENERAL INFORMATION
fixed length control field 191107b ||||| |||| 00| 0 eng d
038 ## - RECORD CONTENT LICENSOR
Staff Name MSOHAIL
082 ## - DEWEY DECIMAL CLASSIFICATION NUMBER
Classification number 355 SID
100 ## - MAIN ENTRY--PERSONAL NAME
Personal name Salik Siddique
9 (RLIN) 1898
245 ## - TITLE STATEMENT
Title Salute; askari zindagi ke mah wa saal
Statement of responsibility, etc. Salik Sidique
260 ## - PUBLICATION, DISTRIBUTION, ETC.
Place of publication, distribution, etc. Lahore
Name of publisher, distributor, etc. Al-Faisal
Date of publication, distribution, etc. 2012
300 ## - PHYSICAL DESCRIPTION
Extent 208 p.
610 ## - SUBJECT ADDED ENTRY--CORPORATE NAME
Corporate name or jurisdiction name as entry element saluet-militray life
9 (RLIN) 1899
942 ## - ADDED ENTRY ELEMENTS (KOHA)
Institution code [OBSOLETE] NUST-CAE
Call number prefix 355 SID
Source of classification or shelving scheme
Koha item type Book
Holdings
Withdrawn status Lost status Source of classification or shelving scheme Damaged status Not for loan Permanent Location Current Location Date acquired Total Checkouts Full call number Barcode Date last seen Price effective from Koha item type
          School of Civil and Environmental Engineering (SCEE) School of Civil and Environmental Engineering (SCEE) 11/07/2019   355 SID NIT-11969 11/07/2019 11/07/2019 Book
© 2023 Central Library, National University of Sciences and Technology. All Rights Reserved.